000 00271nam a2200109Ia 4500
008 190216s9999||||xx |||||||||||||| ||und||
100 _aVallathol
245 0 _aAbinjana Shakunthalam
260 _b"Vallathol Grandhalayam, Cheruthuruthi"
650 _aNadakam
942 _cBK
999 _c25601
_d25601